书目信息 |
| 书名: | Vanity fair | |
| 作者: | ||
| 分册号: | ||
| 分册名: | 出版地: | London : |
|
| 出版社: | Ward Lock & Co., Ltd | |
| 出版时间: | 19--?. | |
| 页数: | 565 p. : | |
| 开本: | 20020930 | |
| 丛书名: | ||
| 中图分类号: | ||
| 科图分类号: | ||
| 其他分类号: | H319.4 | |
| 主题词: | ||
| 电子资源: | ||
| 000 | 00551nam 2200205 a 4500 | |
| 001 | E0739893311 | |
| 005 | 20070210110641.04 | |
| 008 | eng | |
| 008 | uu | |
| 040 | @aNLC | |
| 049 | @aN5LA | |
| 090 | @a2/I561.44/TWMV////////647125 | |
| 090 | @aH319.4 | |
| 096 | @aI561.44 @v2 | |
| 099 | @dH319.4@ex157 | |
| 100 | 1 | @aThackeray, William Makepeace. |
| 245 | 10 | @aVanity fair |
| 260 | @aLondon :@bWard Lock & Co., Ltd.,@c19--?. | |
| 300 | @a565 p. :@b00 ;@c20020930@lNLC09@h2244@lNLC09@h2233@lNLC09@h1824 | |
| 852 | 9 | @bWWJC @cJ08S @k2 @hI561.44 @iTWMV |
| Vanity fair.-London : : Ward Lock & Co., Ltd., , 19--?. |
| 565 p. : : 00 ; ; 20020930 |
| ISBN |
| ● |
| 相关链接 |
|
|
|
|
正题名:Vanity fair
索取号:H319.4/x157
 
预约/预借
| 序号 | 登录号 | 条形码 | 馆藏地/架位号 | 状态 | 备注 |
| 1 | 31486 | 001199866 | 第四借阅区/ [索取号:H319.4/x157] | 在馆 | |
| 2 | 31487 | 000784146 | 第四借阅区/ [索取号:H319.4/x157] | 在馆 |